000 00415nam a2200145Ia 4500
008 210716s2007 xx 000 0 und d
020 _a763738190
041 _aeng
082 _a005.8 WRIM
100 _aWright, Marie A; Kakalik, John S.
245 _aInformation security: contemporary cases.
_bContemporary cases.
250 _a1
260 _aBoston
_bJones and Bartlett Publishers.
_c2007
300 _axvi,214
999 _c189468
_d189468